Catálogo
 En Linea

Visión dominicana. (Registro nro. 36609)

Detalles MARC
000 -CABECERA
campo de control de longitud fija 00585nas a2200181 4500
001 - NÚMERO DE CONTROL
campo de control 000037119
003 - IDENTIFICADOR DEL NÚMERO DE CONTROL
campo de control DLC
005 - FECHA Y HORA DE LA ÚLTIMA TRANSACCIÓN
campo de control 20200930080143.0
008 - DATOS DE LONGITUD FIJA--INFORMACIÓN GENERAL
campo de control de longitud fija 120216c19819999dr qr1p dd 0 0spa d
040 ## - FUENTE DE LA CATALOGACIÓN
Centro catalogador/agencia de origen DO-SdBNP
Lengua de catalogación spa
Centro/agencia transcriptor BNPHU
043 ## - CÓDIGO DE ÁREA GEOGRÁFICA
Código de área geográfica nwdr
245 00 - MENCIÓN DE TÍTULO
Título Visión dominicana.
260 ## - PUBLICACIÓN, DISTRIBUCIÓN, ETC.
Lugar de publicación, distribución, etc. Santo Domingo :
Nombre del editor, distribuidor, etc. Dirección General de Información y Prensa de la Presidencia,
Fecha de publicación, distribución, etc. 1981.
300 ## - DESCRIPCIÓN FÍSICA
Extensión v. :
Otras características físicas il., retrs. ;
Dimensiones 28 cm.
310 ## - PERIODICIDAD ACTUAL
Periodicidad actual Trimestral
362 ## - FECHAS DE PUBLICACIÓN Y/O DESIGNACIÓN SECUENCIAL
Fecha de publicación y/o designación secuencial Año 1. no. 1 (16 de diciembre de 1981)
500 ## - NOTA GENERAL
Nota general Catalogación basada en el ejemplar año 1. no. 1 (16 de diciembre de
Existencias
Estado de retiro Estado de pérdida Especificación de materiales (volumen encuadernado u otra parte) Restricciones de uso No para préstamo Código de colección Localización permanente Ubicación/localización actual Ubicación en estantería Fecha de adquisición Fuente de adquisición Enumeración/cronología de publicación seriada Número de inventario Total de préstamos Signatura topográfica completa Código de barras Fecha visto por última vez Precio válido a partir de Tipo de ítem Koha Nota pública
    Préstamo en sala Préstamo en sala   Hemeroteca Patrimonio Dominicano Patrimonio Dominicano No recibido 16.04.2012 4 año 1. no. 1 (16 de agosto de 1981) 201204162012041620111113   no. 1 37119-1-1-1 08.08.2020 08.08.2020 Publicación periódica Edición especial: 25 aniversario

Con tecnología Koha